| 000 | 00367nam a22001097a 4500 | ||
|---|---|---|---|
| 082 | _a672.07 WAR'S | ||
| 100 |
_aWARN, REUBEN HARRY _958079 |
||
| 245 | _aSHEET METAL WORKERS INSTITUTE PRACTICAL RULES FOR DESCRIBING THE VARIOUS PATTERN REQUIRED BY ZINC SHEET IRON COPPER AND TIN PLATE WORKER | ||
| 260 |
_aLONDON _bTECHNICAL PRESS _c1946 |
||
| 300 | _a224P | ||
| 942 | _cBK | ||
| 999 |
_c568293 _d568293 |
||